000 01458cam a2200145 4500500
005 20260322014805.0
041 _afre
042 _adc
100 1 0 _aClavé, Yannick
_eauthor
700 1 0 _aTeyssier, Éric
_eauthor
245 0 0 _aPetit Atlas historique de l'Antiquité romaine
260 _bArmand Colin,
_c2024.
520 _aDes origines mythiques de Rome à la fin de de l’empire et des rives de la Méditerranée aux frontières du Nord et de l’Asie, ce sont dix siècles et de gigantesques espaces que présente en 42  fiches cet ouvrage. Il  dresse le tableau le plus complet de la très longue histoire de l’Antiquité romaine, depuis les origines mythiques de Rome, au VIIIe s. av. J.-C., jusqu’à la bataille de Poitiers en 732 où triomphent les  Francs, bâtisseurs d’un royaume occidental sur les ruines de l’Empire. Evénements politiques et administratifs, religieux et culturels, sociaux et économiques, grandes figures du temps sont ici présentés chronologiquement et permettent au lecteur de découvrir et comprendre cette longue période qui a marqué à jamais l’Europe et le monde. Un très important appareil cartographique en bichromie, des documents iconographiques complètent chacune des fiches et donnent à l’étudiant de nouvelles clés de compréhension.
856 4 1 _uhttps://shs.cairn.info/petit-atlas-historique-de-l-antiquite-romaine-2e-ed--9782200639235?lang=fr&redirect-ssocas=7080
999 _c1791477
_d1791477